Reprodukce společenského kapitálu a hospodářske krize

Guardado en:
Detalles Bibliográficos
Autor principal: Kovačovič, Ján
Formato: Libro
Lenguaje:checo
Publicado: Praha Státní pedagogické nakladatelství 1973
Etiquetas: Agregar Etiqueta
Sin Etiquetas, Sea el primero en etiquetar este registro!

MARC

LEADER 00000nam a2200000 4500
001 c121300
005 20041019155222.1
041 0 |a cze 
044 |a CZ 
245 1 0 |a Reprodukce společenského kapitálu a hospodářske krize  |c Ján Kovačovič 
264 1 |a Praha  |b Státní pedagogické nakladatelství  |c 1973 
300 |a 93 s. 
100 1 |a Kovačovič, Ján